[Event "Wch Seniors (Women) 31st"]
[Site "Terassini"]
[Date "2023.10.30"]
[Round "6"]
[White "Klinova, Masha"]
[Black "Khropova, Larisa"]
[Result "1/2-1/2"]
[WhiteElo "2249"]
[BlackElo "2054"]
[PlyCount "62"]
[EventDate "2023.10.25"]
[EventType "swiss"]
[EventRounds "11"]
[EventCountry "ITA"]
[SourceTitle "Mega2024 Update 01"]
[Source "Chessbase"]
[SourceDate "2023.11.12"]
[SourceVersion "1"]
[SourceVersionDate "2023.11.12"]
[SourceQuality "1"]

1. e4 c5 2. Nf3 e6 3. c4 Nc6 4. Nc3 e5 5. d3 d6 6. g3 Be7 7. Bg2 Nf6 8. 0-0 0-0 9. a3 Be6 10. Rb1 Rb8 11. b4 b6 12. Ng5 h6 13. Nxe6 fxe6 14. f4 Nd4 15. Bh3 Kh8 16. Be3 Kh7 17. Rb2 Kh8 18. Qa4 a6 19. bxc5 bxc5 20. Rxb8 Qxb8 21. Rb1 Ne2+ 22. Kg2 Nxc3 23. Rxb8 Nxa4 24. Rb7 Bd8 25. Bxe6 Re8 26. Bf7 Rf8 27. Bg6 Ne8 28. Bd2 Nc7 29. Bf5 Na8 30. Ra7 N8b6 31. Rxa6 Kg8 1/2-1/2

[Event "Wch Seniors (Women) 31st"]
[Site "Terassini"]
[Date "2023.10.27"]
[Round "3"]
[White "Khropova, Larisa"]
[Black "Mikhaylova, Irina"]
[Result "1/2-1/2"]
[WhiteElo "2054"]
[BlackElo "2216"]
[PlyCount "103"]
[EventDate "2023.10.25"]
[EventType "swiss"]
[EventRounds "11"]
[EventCountry "ITA"]
[SourceTitle "Mega2024 Update 01"]
[Source "Chessbase"]
[SourceDate "2023.11.12"]
[SourceVersion "1"]
[SourceVersionDate "2023.11.12"]
[SourceQuality "1"]

1. Nf3 Nf6 2. c4 c5 3. Nc3 g6 4. e4 Bg7 5. d4 cxd4 6. Nxd4 d6 7. Be2 Nc6 8. Be3 0-0 9. 0-0 a6 10. h3 Nxd4 11. Bxd4 Be6 12. Qd2 Qa5 13. Rfd1 Rfc8 14. b3 b5 15. cxb5 axb5 16. f3 b4 17. Na4 Nd7 18. Rac1 Bxd4+ 19. Qxd4 Rxc1 20. Rxc1 Qg5 21. Rc2 Bxh3 22. Bf1 Be6 23. Qxb4 Qe3+ 24. Kh1 Nf6 25. Qd2 Qa7 26. Qf2 Qa5 27. Qd2 Qe5 28. Kg1 d5 29. Nb6 Rb8 30. Nxd5 Bxd5 31. exd5 Nxd5 32. Bc4 Nb4 33. Rb2 Nc6 34. Qe2 Qd4+ 35. Qf2 Qd1+ 36. Qf1 Qd6 37. Qf2 Rd8 38. a4 Qf4 39. g3 Qc1+ 40. Kg2 Ne5 41. Rc2 Qd1 42. Qe2 Nxc4 43. bxc4 Qxe2+ 44. Rxe2 Ra8 45. Ra2 Rc8 46. a5 Rxc4 47. a6 Rc8 48. a7 Ra8 49. f4 Kf8 50. g4 Ke8 51. g5 f6 52. Kf3 1/2-1/2

[Event "St Petersburg-ch Seniors Blitz (Women)"]
[Site "St Petersburg"]
[Date "2022.10.05"]
[Round "3"]
[White "Khropova, Larisa"]
[Black "Kazantseva, Alla"]
[Result "1-0"]
[WhiteElo "1931"]
[BlackElo "1611"]
[PlyCount "77"]
[EventDate "2022.10.05"]
[EventType "swiss (blitz)"]
[EventRounds "11"]
[EventCountry "RUS"]
[SourceTitle "CBM 210 Extra"]
[Source "ChessBase"]
[SourceDate "2022.11.30"]
[SourceVersion "1"]
[SourceVersionDate "2022.11.30"]
[SourceQuality "1"]

1. d4 Nf6 2. Nf3 g6 3. c4 Bg7 4. Nc3 d5 5. e3 dxc4 6. Bxc4 0-0 7. 0-0 c6 8. b3 Nbd7 9. Bb2 Nb6 10. Be2 Nbd5 11. h3 Bd7 12. a3 Nc7 13. Qc2 Qc8 14. Ne5 Ncd5 15. Rac1 Be6 16. b4 Nd7 17. Nxd5 Bxd5 18. e4 Be6 19. f4 f6 20. Nxd7 Qxd7 21. Bc4 Bxc4 22. Qxc4+ Kh8 23. Rfd1 Qc8 24. Qe2 Rd8 25. d5 Qb8 26. g3 cxd5 27. exd5 Rd7 28. Rd3 Rc7 29. Rcd1 Qe8 30. Kh2 Rac8 31. R1d2 Rd8 32. h4 Bh6 33. Bd4 b6 34. Bb2 Rcd7 35. Qe4 Qf7 36. Kg2 Re8 37. Re2 Red8 38. Red2 Re8 39. g4 1-0

[Event "St Petersburg-ch Seniors Blitz (Women)"]
[Site "St Petersburg"]
[Date "2022.10.05"]
[Round "1"]
[White "Khropova, Larisa"]
[Black "Mikhaylova, Irina"]
[Result "0-1"]
[WhiteElo "1931"]
[BlackElo "2166"]
[PlyCount "42"]
[EventDate "2022.10.05"]
[EventType "swiss (blitz)"]
[EventRounds "11"]
[EventCountry "RUS"]
[SourceTitle "CBM 210 Extra"]
[Source "ChessBase"]
[SourceDate "2022.11.30"]
[SourceVersion "1"]
[SourceVersionDate "2022.11.30"]
[SourceQuality "1"]

1. Nf3 Nf6 2. d4 g6 3. Bf4 Bg7 4. e3 0-0 5. h3 d6 6. c3 b6 7. Nbd2 Bb7 8. Be2 Nbd7 9. 0-0 Re8 10. Qc2 e5 11. dxe5 dxe5 12. Bg5 h6 13. Bxf6 Bxf6 14. Rad1 Qe7 15. Ne4 Bg7 16. Ng3 f5 17. Bc4+ Kh7 18. Bd5 c6 19. Bb3 Nf6 20. Rfe1 c5 21. Re2 Qd8 0-1

[Event "St Petersburg-ch Seniors Blitz (Women)"]
[Site "St Petersburg"]
[Date "2022.10.05"]
[Round "8"]
[White "Khropova, Larisa"]
[Black "Solomonova, Lidia"]
[Result "1-0"]
[WhiteElo "1931"]
[BlackElo "2122"]
[PlyCount "83"]
[EventDate "2022.10.05"]
[EventType "swiss (blitz)"]
[EventRounds "11"]
[EventCountry "RUS"]
[SourceTitle "CBM 210 Extra"]
[Source "ChessBase"]
[SourceDate "2022.11.30"]
[SourceVersion "1"]
[SourceVersionDate "2022.11.30"]
[SourceQuality "1"]

1. d4 g6 2. Nf3 Bg7 3. g3 d6 4. Bg2 Nf6 5. 0-0 0-0 6. b3 Nc6 7. Bb2 Bg4 8. h3 Bd7 9. c4 Qc8 10. Kh2 Re8 11. d5 Nb8 12. Nbd2 c5 13. Qc2 a6 14. e4 b5 15. a4 bxc4 16. Nxc4 a5 17. Bc3 Qc7 18. Rab1 e6 19. e5 Nxd5 20. exd6 Qd8 21. Bxg7 Kxg7 22. Nfe5 Nc6 23. f4 Nd4 24. Qd3 f6 25. Nf3 Nxf3+ 26. Bxf3 Bc6 27. Rfe1 Ra7 28. Rb2 Qa8 29. Rf2 Kf7 30. h4 Rd7 31. Bxd5 exd5 32. Nb6 Qb7 33. Rxe8 Qxb6 34. Qe3 Qb7 35. Qe6+ Kg7 36. g4 Rf7 37. Re7 Rxe7 38. dxe7 Be8 39. g5 Bf7 40. gxf6+ Kh6 41. Qxf7 Qxb3 42. e8Q 1-0

[Event "Wch Seniors 50 (Women) 29th"]
[Site "Bucharest"]
[Date "2019.11.23"]
[Round "11"]
[White "Jicman, Ligia Letitia"]
[Black "Khropova, Larisa"]
[Result "1-0"]
[WhiteElo "2070"]
[BlackElo "2022"]
[PlyCount "133"]
[EventDate "2019.11.12"]
[EventType "swiss"]
[EventRounds "11"]
[EventCountry "ROU"]
[SourceTitle "CBM 193 Extra"]
[Source "ChessBase"]
[SourceDate "2020.01.31"]
[SourceVersion "1"]
[SourceVersionDate "2020.01.31"]
[SourceQuality "1"]

1. e4 e5 2. Nf3 d6 3. d4 Nd7 4. Bc4 c6 5. a4 Be7 6. c3 Ngf6 7. Nbd2 0-0 8. Bb3 a5 9. 0-0 h6 10. Re1 g6 11. Nf1 Kg7 12. Ng3 Ng8 13. Be3 Qc7 14. Qd2 Kh7 15. h4 Ndf6 16. Rf1 b6 17. Nh2 Ba6 18. Rfc1 Rae8 19. Bd1 Bb7 20. Be2 Nxe4 21. Nxe4 f5 22. Ng5+ hxg5 23. Bxg5 Bxg5 24. hxg5 Ne7 25. f4 e4 26. Rf1 d5 27. Qe3 Kg7 28. b4 Ra8 29. Rfb1 Ba6 30. bxa5 bxa5 31. g3 Rfb8 32. Bxa6 Rxa6 33. Qc1 Rab6 34. Nf1 Nc8 35. Ne3 Qb7 36. Rxb6 Qxb6 37. Qf1 Nd6 38. g4 Qb2 39. Rc1 Qd2 40. Qe1 Qxe1+ 41. Rxe1 fxg4 42. Nxg4 Rb3 43. Rc1 Nb7 44. Ne5 c5 45. Kf2 Rb2+ 46. Kg3 Rb3 47. Kg4 c4 48. f5 gxf5+ 49. Kxf5 Nd8 50. Ng4 Nc6 51. Ke6 Nb4 52. cxb4 axb4 53. Kxd5 c3 54. Kxe4 Ra3 55. Ne3 Kg6 56. Nc2 Rxa4 57. Rb1 Ra2 58. Kd3 Rb2 59. Rc1 Kxg5 60. Nxb4 Rxb4 61. Kxc3 Rb8 62. Rf1 Kg6 63. d5 Kg7 64. Kd4 Rf8 65. Rxf8 Kxf8 66. Kc5 Ke8 67. Kc6 1-0

[Event "Wch Seniors 50 (Women) 29th"]
[Site "Bucharest"]
[Date "2019.11.21"]
[Round "9"]
[White "Makropoulou, Marina"]
[Black "Khropova, Larisa"]
[Result "1-0"]
[WhiteElo "2174"]
[BlackElo "2022"]
[PlyCount "61"]
[EventDate "2019.11.12"]
[EventType "swiss"]
[EventRounds "11"]
[EventCountry "ROU"]
[SourceTitle "CBM 193 Extra"]
[Source "ChessBase"]
[SourceDate "2020.01.31"]
[SourceVersion "1"]
[SourceVersionDate "2020.01.31"]
[SourceQuality "1"]

1. e4 c5 2. Nf3 e6 3. d4 cxd4 4. Nxd4 a6 5. Bd3 Qc7 6. 0-0 Nc6 7. Nxc6 dxc6 8. Kh1 e5 9. f4 Nf6 10. a4 Bc5 11. Na3 Ng4 12. Qf3 Qe7 13. Qg3 h5 14. f5 Bd7 15. Nc4 0-0-0 16. h3 Rdg8 17. c3 f6 18. b4 Ba7 19. b5 Bc5 20. bxa6 bxa6 21. Ne3 Nxe3 22. Bxa6+ Kc7 23. Bxe3 Bxe3 24. Qxe3 Ra8 25. Bc4 Ra5 26. Rfd1 Rha8 27. Rab1 Qc5 28. Qd3 Be8 29. Rb4 h4 30. Be6 R5a7 31. Qd7+ 1-0

[Event "Wch Seniors 50 (Women) 29th"]
[Site "Bucharest"]
[Date "2019.11.18"]
[Round "6"]
[White "Baliuniene, Margarita"]
[Black "Khropova, Larisa"]
[Result "0-1"]
[WhiteElo "1919"]
[BlackElo "2022"]
[PlyCount "90"]
[EventDate "2019.11.12"]
[EventType "swiss"]
[EventRounds "11"]
[EventCountry "ROU"]
[SourceTitle "CBM 193 Extra"]
[Source "ChessBase"]
[SourceDate "2020.01.31"]
[SourceVersion "1"]
[SourceVersionDate "2020.01.31"]
[SourceQuality "1"]

1. d4 Nf6 2. c4 e6 3. Nf3 b6 4. e3 Bb7 5. Bd3 d5 6. 0-0 Bd6 7. cxd5 exd5 8. Nc3 0-0 9. b3 a6 10. Bb2 Nbd7 11. Rc1 Ne4 12. Nd2 f5 13. f4 Qe7 14. Ndxe4 fxe4 15. Be2 g5 16. g3 gxf4 17. exf4 Nf6 18. Qe1 Rac8 19. Nd1 c5 20. Ne3 Qd7 21. g4 cxd4 22. Bxd4 Bc5 23. Qd2 Rc7 24. g5 Ne8 25. Bg4 Qe7 26. Nf5 Rxf5 27. Bxf5 Nd6 28. Bg4 Nb5 29. Bxc5 bxc5 30. h4 d4 31. f5 e3 32. Qh2 d3 33. f6 Qd8 34. Qe5 e2 35. f7+ Rxf7 36. Rxf7 Kxf7 37. Bh5+ Kg8 38. Qe6+ Kh8 39. Qe5+ Kg8 40. Bxe2 dxe2 41. Qxe2 Qd4+ 42. Qf2 Qd5 43. Qh2 Nd4 44. Kf2 Qf3+ 45. Ke1 Qe3+ 0-1

[Event "Wch Seniors 50 (Women) 27th"]
[Site "Acqui Terme"]
[Date "2017.11.07"]
[Round "1"]
[White "Khropova, Larisa"]
[Black "Strutinskaya, Galina N"]
[Result "0-1"]
[WhiteElo "2027"]
[BlackElo "2246"]
[PlyCount "136"]
[EventDate "2017.11.07"]
[EventType "swiss"]
[EventRounds "9"]
[EventCountry "ITA"]
[SourceTitle "CBM 181 Extra"]
[Source "ChessBase"]
[SourceDate "2017.12.12"]
[SourceVersion "1"]
[SourceVersionDate "2017.12.12"]
[SourceQuality "1"]

1. d4 Nf6 2. Nf3 d5 3. e3 c5 4. b3 Nc6 5. Bd3 Bg4 6. Bb2 e6 7. 0-0 Be7 8. Nbd2 0-0 9. a3 a6 10. h3 Bh5 11. Qe1 Bg6 12. Bxg6 hxg6 13. Ng5 Nd7 14. Ngf3 Rc8 15. Qe2 b5 16. dxc5 Nxc5 17. Rfd1 Qb6 18. e4 Rfd8 19. exd5 Rxd5 20. Nf1 Rcd8 21. Ne3 R5d7 22. Rxd7 Rxd7 23. Rd1 Bf6 24. Bxf6 gxf6 25. Rxd7 Nxd7 26. Qd2 Nde5 27. Nxe5 Nxe5 28. Kf1 g5 29. Ng4 Nxg4 30. hxg4 Qc5 31. Qc1 Qc3 32. f3 Kg7 33. Ke2 Kg6 34. Qd1 f5 35. gxf5+ exf5 36. Qd3 Qe5+ 37. Kd2 Qg3 38. Qe2 Qd6+ 39. Qd3 Qxa3 40. g4 Qb4+ 41. Kd1 Qc5 42. b4 Qe5 43. c3 Kg7 44. Kc2 fxg4 45. fxg4 Kf6 46. Qd8+ Kg6 47. Qg8+ Qg7 48. Qe8 Kh6 49. Kb2 Qf6 50. Qf8+ Kh7 51. Qc8 Qe6 52. Qc7 Kg6 53. Qg3 Qe2+ 54. Ka3 Qd2 55. Qe5 Qc1+ 56. Ka2 Qf4 57. Qe8 Qxg4 58. Qg8+ Kf6 59. Qd8+ Kg7 60. Ka3 Qf4 61. Qb6 Qe5 62. Qc6 g4 63. Kb2 Qe2+ 64. Ka3 Qc4 65. Qxa6 Qxc3+ 66. Ka2 Qc2+ 67. Ka1 Qa4+ 68. Qxa4 bxa4 0-1

[Event "Wch Seniors 50 (Women) 26th"]
[Site "Marianske Lazne"]
[Date "2016.11.28"]
[Round "9"]
[White "Khropova, Larisa"]
[Black "Birkholz, Olga"]
[Result "0-1"]
[WhiteElo "1981"]
[BlackElo "2064"]
[PlyCount "142"]
[EventDate "2016.11.19"]
[EventType "swiss"]
[EventRounds "11"]
[EventCountry "CZE"]
[SourceTitle "CBM 175 Extra"]
[Source "ChessBase"]
[SourceDate "2016.12.12"]
[SourceVersion "1"]
[SourceVersionDate "2016.12.12"]
[SourceQuality "1"]

1. d4 d5 2. Nf3 g6 3. Bf4 Bg7 4. e3 Nf6 5. h3 0-0 6. Bd3 c5 7. c3 Nbd7 8. Nbd2 Qb6 9. Rb1 Nh5 10. Bh2 Re8 11. 0-0 e5 12. dxe5 Nxe5 13. Nxe5 Bxe5 14. Bxe5 Rxe5 15. Nf3 Re7 16. Qd2 Nf6 17. b4 Be6 18. Rb2 Rc8 19. Rfb1 c4 20. Bc2 Bd7 21. a4 Ne4 22. Bxe4 dxe4 23. a5 Qb5 24. Nd4 Qg5 25. Kh2 Qe5+ 26. Kh1 g5 27. Ne2 g4 28. Nf4 Rc6 29. Qd5 gxh3 30. gxh3 Qxd5 31. Nxd5 Re5 32. Rg1+ Kf8 33. Nf4 Rd6 34. Kh2 a6 35. Rc1 Rf5 36. Rcc2 Rxf4 37. exf4 Rd3 38. Rd2 Rxh3+ 39. Kg2 Be6 40. Rd4 Rxc3 41. b5 axb5 42. Rxb5 Rd3 43. Rxe4 Bd5 44. f3 Bxe4 45. fxe4 Rb3 46. Rc5 c3 47. e5 Kg7 48. Kf3 h5 49. Kg3 Kg6 50. Kh4 Kf5 51. Rc4 Ra3 52. Kxh5 Rxa5 53. Rxc3 Kxf4 54. Rc7 Rxe5+ 55. Kh4 b5 56. Rxf7+ Ke4 57. Kg4 Kd3 58. Kf4 Re8 59. Rd7+ Kc2 60. Rc7+ Kb3 61. Kf3 b4 62. Kf2 Re4 63. Kf3 Re5 64. Kf4 Re8 65. Kf3 Kb2 66. Kf2 Re5 67. Rc8 b3 68. Rc7 Kb1 69. Rb7 b2 70. Rc7 Ra5 71. Ke2 Ka1 0-1

[Event "Wch Seniors (Women) 24th"]
[Site "Katerini"]
[Date "2014.11.02"]
[Round "9"]
[White "Khropova, Larisa"]
[Black "Pelias, Marilyn"]
[Result "1-0"]
[WhiteElo "2026"]
[BlackElo "1613"]
[PlyCount "93"]
[EventDate "2014.10.24"]
[EventType "swiss"]
[EventRounds "11"]
[EventCountry "GRE"]
[SourceTitle "EXT 2015"]
[Source "ChessBase"]
[SourceDate "2014.11.20"]
[SourceVersion "1"]
[SourceVersionDate "2014.11.20"]
[SourceQuality "1"]

1. d4 d5 2. Nf3 Nc6 3. Bf4 b6 4. e3 Bb7 5. c3 Nf6 6. Qa4 Nd7 7. Bb5 Ncb8 8. Ne5 f6 9. Nc6 Bxc6 10. Bxc6 Nxc6 11. Qxc6 Rc8 12. Qxd5 c6 13. Qe6 b5 14. Nd2 Nb6 15. Ne4 Nc4 16. b3 Qd7 17. Qxd7+ Kxd7 18. bxc4 g5 19. Nc5+ Ke8 20. Bg3 e5 21. h4 Bxc5 22. dxc5 g4 23. Ke2 h5 24. Rhd1 Rd8 25. Rxd8+ Kxd8 26. Rd1+ Kc7 27. cxb5 cxb5 28. Rd6 Rf8 29. Rxf6 Re8 30. f3 gxf3+ 31. Kxf3 Kb7 32. Ke4 a5 33. Bxe5 Rg8 34. g3 Rc8 35. Rb6+ Ka7 36. Kd5 a4 37. a3 Re8 38. Rxb5 Rd8+ 39. Bd6 Ka6 40. Rb6+ Ka7 41. e4 Rd7 42. e5 Rb7 43. e6 Rg7 44. e7 Rxg3 45. Bxg3 Ka8 46. e8Q+ Ka7 47. Qb8# 1-0

[Event "Moscow-ch (Women)"]
[Site "Moscow"]
[Date "2014.03.25"]
[Round "4"]
[White "Khropova, Larisa"]
[Black "Zakharova, Anna"]
[Result "1-0"]
[WhiteElo "2048"]
[BlackElo "1847"]
[PlyCount "142"]
[EventDate "2014.03.22"]
[EventType "swiss"]
[EventRounds "9"]
[EventCountry "RUS"]
[SourceTitle "CBM 159 Extra"]
[Source "ChessBase"]
[SourceDate "2014.04.24"]
[SourceVersion "1"]
[SourceVersionDate "2014.04.24"]
[SourceQuality "1"]

1. d4 d5 2. Nf3 Nf6 3. e3 e6 4. Bd3 Be7 5. 0-0 0-0 6. Ne5 b6 7. Nd2 c5 8. b3 Bb7 9. Bb2 Nc6 10. a3 Rc8 11. f4 Nd7 12. Qh5 f5 13. Nxd7 Qxd7 14. Nf3 Bf6 15. g4 g6 16. Qh3 Na5 17. gxf5 exf5 18. b4 Nc4 19. Bc1 Qa4 20. bxc5 bxc5 21. Qg2 Nd6 22. c3 Qa5 23. Bd2 c4 24. Bc2 Bc6 25. Rfb1 Rb8 26. Qf1 Ne4 27. Rb4 Be7 28. Bxe4 fxe4 29. Ne5 Ba4 30. Nxc4 Qa6 31. Ne5 Qxf1+ 32. Rxf1 Bxb4 33. axb4 Bb5 34. Ra1 Rb7 35. h4 Rf5 36. Kg2 h6 37. Kh2 Rg7 38. Rg1 g5 39. hxg5 hxg5 40. Ng4 Kh7 41. Rg3 gxf4 42. Rh3+ Kg6 43. exf4 Rh7 44. Rxh7 Kxh7 45. Kg3 Bd7 46. Ne3 Rh5 47. f5 Bxf5 48. Nxd5 Kg7 49. Nf4 Rh1 50. d5 Rf1 51. Kg2 Rf3 52. Nh5+ Kf7 53. Ng3 Bg6 54. Nf1 Rd3 55. c4 Ke7 56. Be3 Ra3 57. b5 Kd6 58. Kg3 Ke5 59. Kg4 Bf5+ 60. Kg5 Bc8 61. Bc1 Bh3 62. Ne3 Rxe3 63. Bxe3 Bf1 64. Bf4+ Kd4 65. d6 Bh3 66. Be3+ Kxe3 67. c5 Kf3 68. c6 e3 69. d7 Bxd7 70. cxd7 e2 71. d8Q e1Q 1-0

[Event "EU-ch (Women) 14th"]
[Site "Belgrade"]
[Date "2013.08.03"]
[Round "11"]
[White "Nikolovska, Dragana"]
[Black "Khropova, Larisa"]
[Result "1-0"]
[WhiteElo "1848"]
[BlackElo "1987"]
[PlyCount "67"]
[EventDate "2013.07.23"]
[EventType "swiss"]
[EventRounds "11"]
[EventCountry "SRB"]
[SourceTitle "CBM 155 Extra"]
[Source "ChessBase"]
[SourceDate "2013.08.26"]
[SourceVersion "1"]
[SourceVersionDate "2013.08.26"]
[SourceQuality "1"]

1. e4 d6 2. d4 Nf6 3. Nc3 Nbd7 4. Nf3 e5 5. g4 Nxg4 6. Rg1 Ngf6 7. Bc4 h6 8. Be3 c6 9. dxe5 dxe5 10. Qd3 Qc7 11. 0-0-0 a6 12. Bb3 b5 13. Nh4 g6 14. f4 Bb7 15. fxe5 Qxe5 16. Bxf7+ Kxf7 17. Nxg6 Qe6 18. Nxh8+ Ke8 19. Ng6 Bg7 20. Nf4 Qe7 21. Rxg7 Qxg7 22. Ne6 Qg6 23. Nc7+ Kf7 24. Nxa8 Bxa8 25. Qd6 Qh5 26. Bf4 Qf3 27. Bxh6 Qh5 28. Qf4 Ke8 29. Bg5 Nh7 30. h4 b4 31. Na4 c5 32. Qf5 Nhf8 33. Nxc5 Bc6 34. Nxd7 1-0